000 00779nam a2200313 a 4500
003 AR-BaBNM
005 20251128204046.0
008 082120s2002 ||||||||||||||000 | spa||
020 _a950-03-0451-1
040 _cAR-BaBNM
100 1 _aBorges, Jorge Luis
245 0 0 _aCrónicas de Bustos Domecq
250 _a1ª ed.
260 _aBuenos Aires
_bLosada
_c1992
300 _a147 p.
490 0 _aBiblioteca clásica y contemporánea
650 4 _aLITERATURA ARGENTINA
650 4 _aHUMOR
650 4 _aLITERATURA CONTEMPORANEA
650 4 _aCRITICA LITERARIA
650 4 _aESTETICA
650 4 _aCRITICA DE ARTE
653 _aPARODIA
653 _aNARRATIVA
655 _aLITERATURA
700 1 _aBioy Casares, Adolfo
942 _cBK
998 _cMARTIN
999 _c5998
_d5998